000 00562nam a2200217Ia 4500
003 IIN
005 20250530124502.0
008 231217s9999 xx acd 001 0 eng d
020 _cRs.595.00
_a9789354656224
040 _aIIN
_bEnglish
082 _a610.7362
_bPAD
100 1 _aPadmaja, A
245 1 _aPediatric Nursing Procedure Manual/
_cA Padmaja
250 _a2nd ed
260 _aNew Delhi
_bJaypee
_c2022
300 _axxi, 281p.
_bill.
500 _aIncludes Index
650 1 _aPediatric
_vNursing
650 1 _aNursing
_vProcedure
942 _cBOOK
999 _c1528
_d1528